[Event "Innsbruck op-B 2nd"]
[Site "Innsbruck"]
[Date "2018.09.01"]
[Round "9"]
[White "Tozaki, Halil"]
[Black "Hammer, David"]
[Result "0-1"]
[WhiteElo "1967"]
[BlackElo "1812"]
[PlyCount "78"]
[EventDate "2018.08.24"]
[EventType "swiss"]
[EventRounds "9"]
[EventCountry "AUT"]
[SourceTitle "CBM 186 Extra"]
[Source "ChessBase"]
[SourceDate "2018.08.24"]
[SourceVersion "1"]
[SourceVersionDate "2018.08.24"]
[SourceQuality "1"]

1. d4 Nf6 2. Nf3 e6 3. c4 b6 4. Nc3 Bb7 5. a3 d5 6. cxd5 Nxd5 7. Qc2 c5 8. e3 Be7 9. dxc5 Bxc5 10. Bb5+ Nc6 11. Ne4 a6 12. Bxc6+ Bxc6 13. Nxc5 bxc5 14. 0-0 Rc8 15. Rd1 Qe7 16. Ne5 0-0 17. e4 Nf6 18. Nxc6 Rxc6 19. Bg5 h6 20. Bh4 e5 21. Rd2 Rd8 22. Rad1 Rxd2 23. Rxd2 g5 24. Bg3 Nh5 25. Qd3 Nxg3 26. hxg3 Kg7 27. Qd5 Qc7 28. Kf1 c4 29. Rc2 c3 30. Ke2 Rc5 31. Qd3 cxb2 32. Rxb2 a5 33. Kd2 Kg6 34. Rc2 Qb6 35. Kc1 Rb5 36. Qc4 Rb1+ 37. Kd2 Qxf2+ 38. Qe2 Qd4+ 39. Qd3 Rd1+ 0-1

[Event "CYP-ch"]
[Site "Cyprus"]
[Date "2012.01.21"]
[Round "5"]
[White "Antoniou, Antonis"]
[Black "Tozaki, Halil"]
[Result "1-0"]
[WhiteElo "2180"]
[BlackElo "1964"]
[PlyCount "89"]
[EventDate "2012.01.07"]
[EventType "swiss"]
[EventRounds "12"]
[EventCountry "CYP"]
[SourceTitle "EXT 2014"]
[Source "ChessBase"]
[SourceDate "2013.11.20"]
[SourceVersion "1"]
[SourceVersionDate "2013.11.20"]
[SourceQuality "1"]

1. e4 c5 2. Nf3 e6 3. d4 cxd4 4. Nxd4 a6 5. Bd3 Nf6 6. 0-0 Qc7 7. Qe2 d6 8. c4 Nbd7 9. Nc3 b6 10. Be3 Bb7 11. Rac1 Be7 12. f3 0-0 13. Rfd1 Rfe8 14. b3 Qd8 15. Qf2 Ne5 16. Bf1 Nfd7 17. g3 Qc7 18. h3 Red8 19. f4 Ng6 20. Bg2 Rac8 21. h4 Bf6 22. Nde2 Ba8 23. h5 Ngf8 24. g4 Be7 25. g5 Qb7 26. Nd4 Nc5 27. Qg3 Qc7 28. Rf1 Rd7 29. Nde2 Bc6 30. f5 Nd3 31. Rcd1 Ne5 32. f6 Bd8 33. fxg7 Kxg7 34. Bd4 Kg8 35. Rf6 Re7 36. Rdf1 Ned7 37. Qf2 Ne5 38. Nd1 Qd7 39. Ne3 Nd3 40. Qg3 Ne5 41. Bxe5 dxe5 42. Ng4 Qd2 43. Nh6+ Kh8 44. Qxe5 Bc7 45. Rg6+ 1-0

[Event "CYP-ch"]
[Site "Cyprus"]
[Date "2012.01.14"]
[Round "3"]
[White "Klerides, Paris"]
[Black "Tozaki, Halil"]
[Result "1/2-1/2"]
[WhiteElo "2160"]
[BlackElo "1964"]
[PlyCount "106"]
[EventDate "2012.01.07"]
[EventType "swiss"]
[EventRounds "12"]
[EventCountry "CYP"]
[SourceTitle "EXT 2014"]
[Source "ChessBase"]
[SourceDate "2013.11.20"]
[SourceVersion "1"]
[SourceVersionDate "2013.11.20"]
[SourceQuality "1"]

1. e4 c5 2. Nf3 e6 3. d4 cxd4 4. Nxd4 a6 5. Bd3 Qc7 6. Qe2 Nc6 7. Nxc6 bxc6 8. c4 e5 9. 0-0 Nf6 10. Nc3 d6 11. h3 Be7 12. Be3 0-0 13. Rac1 a5 14. b3 Bd7 15. Rfd1 Rfd8 16. Bb1 h6 17. c5 dxc5 18. Na4 Be6 19. Bxc5 Rxd1+ 20. Rxd1 Bxc5 21. Nxc5 Rd8 22. Nxe6 fxe6 23. Rxd8+ Qxd8 24. Qd3 Qxd3 25. Bxd3 Kf7 26. Kf1 Ke7 27. Ke2 Kd6 28. Ke3 Nd7 29. Kd2 Nb6 30. Kc3 c5 31. Bb5 Ke7 32. Kd3 Kf6 33. g3 Ke7 34. Ke3 Kf6 35. Kd2 Ke7 36. Kc3 Kf6 37. a3 Ke7 38. b4 cxb4+ 39. axb4 axb4+ 40. Kxb4 Nc8 41. Kc5 Nd6 42. Bc6 Nf7 43. h4 g6 44. Kc4 Nd6+ 45. Kd3 Nc8 46. Ke3 Nd6 47. f4 exf4+ 48. gxf4 Nf7 49. e5 g5 50. Kf3 gxf4 51. Kxf4 Kf8 52. Bf3 Kg7 53. Bg4 Nxe5 1/2-1/2

[Event "CYP-ch op"]
[Site "Cyprus"]
[Date "2011.02.20"]
[Round "8"]
[White "Tozaki, Halil"]
[Black "Kelires, Andreas"]
[Result "0-1"]
[WhiteElo "2047"]
[BlackElo "1761"]
[PlyCount "114"]
[EventDate "2011.01.15"]
[EventType "swiss"]
[EventRounds "9"]
[EventCountry "CYP"]
[SourceTitle "EXT 2012"]
[Source "ChessBase"]
[SourceDate "2011.11.24"]
[SourceVersion "1"]
[SourceVersionDate "2011.11.24"]
[SourceQuality "1"]

1. d4 Nf6 2. c4 e6 3. Nf3 Bb4+ 4. Bd2 c5 5. g3 Bxd2+ 6. Qxd2 Ne4 7. Qc2 Qa5+ 8. Nbd2 Nxd2 9. Qxd2 Qxd2+ 10. Kxd2 b6 11. e4 0-0 12. Bd3 Bb7 13. d5 f5 14. Rhe1 fxe4 15. Bxe4 exd5 16. cxd5 Na6 17. Re2 Nb4 18. a3 Bxd5 19. Bxd5+ Nxd5 20. Ne5 d6 21. Nc4 Nf6 22. f4 b5 23. Na5 Rfe8 24. Rae1 Rxe2+ 25. Rxe2 Re8 26. Nc6 Rxe2+ 27. Kxe2 a6 28. Nb8 a5 29. Nc6 a4 30. Na7 b4 31. Nb5 bxa3 32. bxa3 Ne4 33. Nc7 Kf7 34. Ke3 Nf6 35. h3 Ke7 36. g4 Kd7 37. Nb5 Kc6 38. Na7+ Kd5 39. g5 Ne8 40. Kd3 c4+ 41. Ke3 Kc5 42. Nc8 d5 43. Ne7 d4+ 44. Kd2 g6 45. f5 gxf5 46. Nxf5 Nd6 47. Ng3 Kd5 48. Kc2 d3+ 49. Kd1 Ne4 50. Nf5 Nxg5 51. h4 Nf3 52. h5 c3 53. h6 Kc4 54. Kc1 Kb3 55. Ne3 Nd4 56. Kb1 c2+ 57. Kc1 Ne2+ 0-1

[Event "Politiken Cup 32nd"]
[Site "Copenhagen"]
[Date "2010.08.05"]
[Round "7"]
[White "Tozaki, Halil"]
[Black "Nielsen, John Bauneborg"]
[Result "1/2-1/2"]
[WhiteElo "2030"]
[BlackElo "2139"]
[PlyCount "68"]
[EventDate "2010.07.31"]
[EventType "swiss"]
[EventRounds "10"]
[EventCountry "DEN"]
[SourceTitle "CBM 137 Extra"]
[Source "ChessBase"]
[SourceDate "2010.09.01"]
[SourceVersion "1"]
[SourceVersionDate "2010.09.01"]
[SourceQuality "1"]

1. d4 d6 2. Nf3 g6 3. c4 Bg7 4. Nc3 f5 5. g3 Nf6 6. Bg2 0-0 7. 0-0 Nc6 8. b3 e5 9. dxe5 dxe5 10. e4 Qe7 11. Bg5 Be6 12. exf5 gxf5 13. Nh4 e4 14. Nd5 Qf7 15. Bxf6 Bxf6 16. Nxf6+ Qxf6 17. Qh5 Nd4 18. f4 Bf7 19. Qg5+ Qxg5 20. fxg5 Bh5 21. h3 Be2 22. Rf2 Bd3 23. Re1 Rae8 24. Bf1 e3 25. Rf4 e2 26. Rxd4 exf1Q+ 27. Rxf1 Bxf1 28. Kxf1 Re4 29. Rd7 f4 30. g4 f3 31. Nf5 Rfe8 32. Nh6+ Kh8 33. Nf7+ Kg8 34. Nh6+ Kh8 1/2-1/2

[Event "Politiken Cup 32nd"]
[Site "Copenhagen"]
[Date "2010.08.02"]
[Round "4"]
[White "Eklund, Joel"]
[Black "Tozaki, Halil"]
[Result "1-0"]
[WhiteElo "2192"]
[BlackElo "2030"]
[PlyCount "99"]
[EventDate "2010.07.31"]
[EventType "swiss"]
[EventRounds "10"]
[EventCountry "DEN"]
[SourceTitle "CBM 137 Extra"]
[Source "ChessBase"]
[SourceDate "2010.09.01"]
[SourceVersion "1"]
[SourceVersionDate "2010.09.01"]
[SourceQuality "1"]

1. c4 c5 2. Nc3 Nf6 3. g3 Nc6 4. Bg2 g6 5. Nf3 Bg7 6. d4 cxd4 7. Nxd4 0-0 8. 0-0 Nxd4 9. Qxd4 d6 10. Qd3 Nd7 11. b3 a6 12. Be3 Ne5 13. Qd2 Ng4 14. Bf4 Re8 15. h3 Ne5 16. Rfd1 Qa5 17. Rac1 Rb8 18. Be3 Nc6 19. Nd5 Qxd2 20. Rxd2 a5 21. Bb6 Bh6 22. e3 Rf8 23. Nc7 Bg7 24. f4 h5 25. Kh2 Bf5 26. Bf3 Rbc8 27. g4 hxg4 28. hxg4 Be6 29. Kg3 g5 30. Bd5 Bxd5 31. cxd5 Nb8 32. Bxa5 Na6 33. Kf3 Nxc7 34. Bxc7 b5 35. Rdc2 b4 36. Ke4 Bc3 37. Bb6 gxf4 38. exf4 Ra8 39. a4 Kg7 40. Rh1 Rh8 41. Rch2 Rxh2 42. Rxh2 e5 43. f5 f6 44. a5 Be1 45. Ra2 Kf7 46. a6 Bc3 47. a7 Kg7 48. Be3 Kf7 49. Ra5 Ke7 50. Rb5 1-0

[Event "CYP-ch"]
[Site "Limassol"]
[Date "2009.02.01"]
[Round "8"]
[White "Tozaki, Halil"]
[Black "Savva, Panikos"]
[Result "1/2-1/2"]
[WhiteElo "2064"]
[BlackElo "2094"]
[PlyCount "137"]
[EventDate "2009.01.10"]
[EventType "swiss"]
[EventRounds "13"]
[EventCountry "CYP"]
[SourceTitle "EXT 2011"]
[Source "ChessBase"]
[SourceDate "2010.11.26"]
[SourceVersion "1"]
[SourceVersionDate "2010.11.26"]
[SourceQuality "1"]
[WhiteTeam "Ukraine"]
[BlackTeam "England"]
[WhiteTeamCountry "UKR"]
[BlackTeamCountry "ENG"]

1. d4 Nf6 2. c4 g6 3. Nc3 d5 4. Bg5 dxc4 5. e3 Bg7 6. Bxc4 0-0 7. Nf3 c5 8. 0-0 cxd4 9. Nxd4 Qa5 10. Bxf6 exf6 11. Qb3 Nc6 12. Nxc6 bxc6 13. Rad1 Qc7 14. Rd2 Rb8 15. Qc2 f5 16. Rfd1 f4 17. exf4 Qxf4 18. Ne2 Qg5 19. b3 Bf5 20. Bd3 Be6 21. Be4 Rb6 22. Bf3 h5 23. g3 h4 24. Nf4 hxg3 25. hxg3 Bf5 26. Qc5 Bf6 27. Qe3 Bg4 28. Bxg4 Qxg4 29. Kg2 Bg5 30. Qf3 Qf5 31. Rd7 Bxf4 32. Qxf4 Qxf4 33. gxf4 Ra6 34. R1d2 Re8 35. Kf3 Re6 36. Kg4 Ra5 37. f3 Re1 38. Rg2 Ra1 39. Rdd2 Kg7 40. Kg3 Rc5 41. Rc2 Rc1 42. Rxc5 Rxc5 43. Re2 Kf6 44. Re8 Ra5 45. a4 Rc5 46. Rb8 Ke6 47. Rb7 a5 48. Rb8 Kd6 49. Rd8+ Kc7 50. Re8 Rf5 51. Kg4 Kb6 52. Re5 Rxe5 53. fxe5 Kc5 54. Kg5 Kd5 55. Kf6 g5 56. Kxg5 Kxe5 57. f4+ Ke6 58. Kh6 Kf6 59. Kh7 Ke6 60. Kg7 f6 61. Kg6 c5 62. Kg7 Kf5 63. Kf7 Kxf4 64. Kxf6 Ke4 65. Ke6 Kd4 66. Kd6 c4 67. bxc4 Kxc4 68. Ke5 Kc3 69. Ke4 1/2-1/2

[Event "CYP-ch"]
[Site "Limassol"]
[Date "2009.01.20"]
[Round "3"]
[White "Tozaki, Halil"]
[Black "Papadopoulos, Gerasimos"]
[Result "1/2-1/2"]
[WhiteElo "2064"]
[BlackElo "1730"]
[PlyCount "136"]
[EventDate "2009.01.10"]
[EventType "swiss"]
[EventRounds "13"]
[EventCountry "CYP"]
[SourceTitle "EXT 2011"]
[Source "ChessBase"]
[SourceDate "2010.11.26"]
[SourceVersion "1"]
[SourceVersionDate "2010.11.26"]
[SourceQuality "1"]
[WhiteTeam "Ukraine"]
[BlackTeam "India"]
[WhiteTeamCountry "UKR"]
[BlackTeamCountry "IND"]

1. d4 Nf6 2. c4 e6 3. Nf3 Bb4+ 4. Bd2 Bxd2+ 5. Qxd2 b6 6. g3 Bb7 7. Bg2 0-0 8. Nc3 d5 9. Ne5 Na6 10. 0-0 Qe7 11. Rac1 c6 12. Rfd1 Rac8 13. e4 dxe4 14. Nxe4 Nxe4 15. Bxe4 Rfd8 16. Qf4 f6 17. Nf3 c5 18. Bxb7 Qxb7 19. dxc5 Nxc5 20. Qe3 e5 21. h4 Qe4 22. Qxe4 Nxe4 23. b3 h5 24. Kf1 a5 25. Ng1 Kf7 26. Ne2 g5 27. hxg5 fxg5 28. f3 Nd2+ 29. Kf2 g4 30. fxg4 hxg4 31. Ke3 Nf3 32. Nc3 Ke6 33. Rxd8 Rxd8 34. Nd5 Rd6 35. Rh1 Kf5 36. Rh8 b5 37. Rb8 bxc4 38. bxc4 Rh6 39. Ne7+ Kg5 40. Rg8+ Kf6 41. Rxg4 Kxe7 42. Kxf3 Rh2 43. Ke4 Rxa2 44. Kxe5 a4 45. Rg7+ Kd8 46. Kd6 Rd2+ 47. Kc6 a3 48. Rg8+ Ke7 49. Ra8 Rc2 50. c5 a2 51. Ra4 Kd8 52. g4 Ke7 53. Ra7+ Ke6 54. Ra8 Ke7 55. Kb6 Rb2+ 56. Kc7 Ke6 57. c6 Rc2 58. Ra5 Rb2 59. Kc8 Rc2 60. c7 Kd6 61. Ra6+ Rc6 62. Rxc6+ Kxc6 63. Kd8 a1Q 64. c8Q+ Kd5 65. Qd7+ Kc5 66. Qf5+ Kd6 67. Qd7+ Kc5 68. Qf5+ Kd6 1/2-1/2

[Event "CYP-ch"]
[Site "Cyprus"]
[Date "2007.01.28"]
[Round "4"]
[White "Tozaki, Halil"]
[Black "Paunescu, Valentin"]
[Result "0-1"]
[WhiteElo "2084"]
[BlackElo "2091"]
[PlyCount "70"]
[EventDate "2007.01.20"]
[EventType "swiss"]
[EventRounds "13"]
[EventCountry "CYP"]
[SourceTitle "EXT 2012"]
[Source "ChessBase"]
[SourceDate "2011.11.24"]
[SourceVersion "1"]
[SourceVersionDate "2011.11.24"]
[SourceQuality "1"]

1. d4 Nf6 2. Nf3 g6 3. c4 Bg7 4. Nc3 d6 5. e4 0-0 6. Be2 e5 7. 0-0 Nc6 8. d5 Ne7 9. h3 Nd7 10. Be3 f5 11. Ng5 Nf6 12. f3 f4 13. Bf2 h6 14. Ne6 Bxe6 15. dxe6 b6 16. Qd2 a5 17. Rfd1 g5 18. Rac1 Ng6 19. Nd5 h5 20. Rc3 Rc8 21. a3 Qe8 22. Nxc7 Rxc7 23. Bxb6 Rc8 24. Rd3 g4 25. Rxd6 gxh3 26. gxh3 Nh4 27. Kh2 Nxe4 28. fxe4 f3 29. Rg1 fxe2 30. Rxg7+ Kxg7 31. Rd7+ Kg8 32. Qg5+ Qg6 33. Qxh4 Rf1 34. e7 Re8 35. Bf2 e1Q 0-1